000 00225 a2200085 4500
020 _a0799329029
100 _aVan Der Merwe, Marie
_965442
245 _aLied Van Die Rietsanger
999 _c780381
_d780380
942 _w233
_xPhindile Mnisi
_y296
_zPhillipina Naude